| 000 | 00357nam a22001457a 4500 | ||
|---|---|---|---|
| 020 | _a9788121912464 | ||
| 040 | _cNUST | ||
| 082 | _a519.5 KAP | ||
| 100 |
_aKapur, J.N. _991851 |
||
| 110 |
_aSaxena, H.C. _991852 |
||
| 245 | _aMathematical Statistics | ||
| 260 |
_aNew Delhi: _bS.Chand, _c2015. |
||
| 650 |
_aMathematical Statistics _961 |
||
| 942 |
_2ddc _cBK |
||
| 999 |
_c589984 _d589984 |
||